Statistics for Biggest towns of Clackmannanshire

Click here to take the quiz!

General Stats

  • This quiz has been taken 18 times
  • The average score is 5 of 10

Answer Stats

PopulationTown% Correct
14,290Alloa
100%
3,330Clackmannan
91%
4,810Alva
73%
2,860Dollar
73%
2,860Menstrie
55%
4,590Tillicoultry
55%
6,320Sauchie
27%
8,490Tullibody
27%
1,300Coalsnaughton
9%
800Glenochil
9%

Score Distribution

Percentile by Number Answered

Percent of People with Each Score

Your Score History

You have not taken this quiz